Introduction to VLSI systems. 2

Guardado en:
Detalles Bibliográficos
Autores principales: Mead, Carver (Autor), Convay, Lynn (Autor)
Formato: Libro
Lenguaje:inglés
Publicado: Reading : Addison-Wesley, 1980
Etiquetas: Agregar Etiqueta
Sin Etiquetas, Sea el primero en etiquetar este registro!

MARC

LEADER 00000nam a22000003a 4500
001 stu89113
005 20150617225624.6
008 040720s1980------------------------eng-d
040 |a STU  |b slo 
041 0 |a eng 
100 1 |a Mead, Carver  |4 aut 
245 1 |a Introduction to VLSI systems. 2 
260 |a Reading :  |b Addison-Wesley,  |c 1980 
700 1 |a Convay, Lynn  |4 aut 
996 |c I*2C2722  |l I  |s A  |a 24  |w stu89113_0001